Statistics for Most Populous C Countries

Click here to take the quiz!

General Stats

  • This quiz has been taken 285 times
  • The average score is 7 of 10

Answer Stats

rankcountry% Correct
1China
96%
2Colombia
90%
3Canada
86%
6Chile
85%
8Chad
79%
7Cambodia
78%
4Cameroon
67%
10Czechia
67%
9Cuba
63%
5Côte d'Ivoire
23%

Score Distribution

Percentile by Number Answered

Percent of People with Each Score

Your Score History

You have not taken this quiz